[Event "Paris Apsap op 47th"]
[Site "Paris"]
[Date "2003.??.??"]
[Round "7"]
[White "Van den Baviere, Jean Sebastien"]
[Black "Godel, Wenceslas"]
[Result "0-1"]
[WhiteElo "1790"]
[BlackElo "1660"]
[PlyCount "54"]
[EventDate "2003.??.??"]
[EventType "swiss"]
[EventRounds "7"]
[EventCountry "FRA"]
[SourceTitle "EXT 2008"]
[Source "ChessBase"]
[SourceDate "2007.11.25"]
[SourceVersion "1"]
[SourceVersionDate "2007.11.25"]
[SourceQuality "1"]

1. d4 d5 2. c4 e6 3. Nc3 Nf6 4. f3 Bb4 5. Qc2 0-0 6. Bg5 Nbd7 7. e3 c5 8. cxd5 exd5 9. Bh4 cxd4 10. exd4 Qb6 11. 0-0-0 Bxc3 12. Qxc3 Qd6 13. Kb1 Nb6 14. Bd3 h6 15. Rc1 Bd7 16. Bg3 Qe7 17. Nh3 Rac8 18. Qd2 Nc4 19. Bxc4 dxc4 20. Nf2 b5 21. Rhe1 Qd8 22. Bd6 Re8 23. Rxe8+ Qxe8 24. Re1 Qd8 25. Bc5 Bf5+ 26. Ka1 Rxc5 27. Qf4 Rd5 0-1

[Event "Paris Apsap op 47th"]
[Site "Paris"]
[Date "2003.??.??"]
[Round "5"]
[White "Van den Baviere, Jean Sebastien"]
[Black "Jonathan, Frederic"]
[Result "1-0"]
[WhiteElo "1790"]
[BlackElo "1860"]
[PlyCount "63"]
[EventDate "2003.??.??"]
[EventType "swiss"]
[EventRounds "7"]
[EventCountry "FRA"]
[SourceTitle "EXT 2008"]
[Source "ChessBase"]
[SourceDate "2007.11.25"]
[SourceVersion "1"]
[SourceVersionDate "2007.11.25"]
[SourceQuality "1"]

1. d4 f5 2. Nc3 Nf6 3. Nf3 e6 4. d5 Bc5 5. dxe6 d6 6. Ng5 Ng4 7. Qd5 Bxf2+ 8. Kd1 Be3 9. Qxf5 Nf2+ 10. Ke1 Qf6 11. Qxf6 gxf6 12. Bxe3 Nxh1 13. Nd5 fxg5 14. Nxc7+ Kd8 15. Nxa8 Bxe6 16. Bxg5+ Kd7 17. g3 Bd5 18. b3 Na6 19. Bh3+ Kc6 20. c4 Be4 21. Rd1 Rxa8 22. Kf1 Nc7 23. Kg1 Re8 24. e3 d5 25. cxd5+ Nxd5 26. Bg2 Bxg2 27. Kxg2 Nxg3 28. Kxg3 Nxe3 29. Rc1+ Kb5 30. Rc7 Rg8 31. Rxb7+ Ka6 32. Rxh7 1-0